Urban migrants in developing nations: patterns and problems of adjustment (Record no. 61040)

MARC details
000 -LEADER
fixed length control field 00685nam a2200181 a 4500
008 - FIXED-LENGTH DATA ELEMENTS--GENERAL INFORMATION
fixed length control field 120416s1983 ||||||||||||||||| || u
020 ## - INTERNATIONAL STANDARD BOOK NUMBER
International Standard Book Number 086531974X
050 ## - LIBRARY OF CONGRESS CALL NUMBER
Classification number HB 1955 Urb
100 ## - MAIN ENTRY--PERSONAL NAME
Personal name Goldscheider, Calvin
245 10 - TITLE STATEMENT
Title Urban migrants in developing nations: patterns and problems of adjustment
Statement of responsibility, etc. edited by Calvin Goldscheider
260 ## - PUBLICATION, DISTRIBUTION, ETC.
Place of publication, distribution, etc. Boulder, Col.:
Name of publisher, distributor, etc. Westview Press
Date of publication, distribution, etc. 1983
300 ## - PHYSICAL DESCRIPTION
Extent xvii, 287p. : Ill.
350 ## - PRICE (NR) (BK AM CF MU VM SE) [OBSOLETE]
Price 0.00
650 ## - SUBJECT ADDED ENTRY--TOPICAL TERM
Topical term or geographic name entry element MIGRANTS, URBAN
650 #7 - SUBJECT ADDED ENTRY--TOPICAL TERM
Topical term or geographic name entry element MIGRATION
Source of heading or term gnd
700 ## - ADDED ENTRY--PERSONAL NAME
Personal name Brown, M. Ray
995 ## - RECOMMENDATION 995 [LOCAL, UNIMARC FRANCE]
-- 0.00
-- CBU-MAIN LIBRARY (Kitwe)
-- 2
-- 24.25
-- 2
-- AVAILABLE
-- Annex Low-Usage Collection
Holdings
Withdrawn status Lost status Source of classification or shelving scheme Damaged status Not for loan Home library Current library Shelving location Date acquired Total Checkouts Full call number Barcode Date last seen Price effective from Koha item type
          CBU-MAIN LIBRARY, KITWE. CBU-MAIN LIBRARY, KITWE.   11/30/2022   HB 1955 Urb 002593 11/30/2022 11/30/2022 MONOGRAPH